| Tag |
First Indicator |
Second Indicator |
Subfields |
| LEADER |
00000cam a2200000 4500 |
| 001 |
in00000061311 |
| 005 |
20151008051646.0 |
| 008 |
750306s1948 pau 00000 eng u |
| 010 |
|
|
|a 48009652
|
| 035 |
|
|
|a (OCoLC)01202191
|
| 035 |
|
|
|9 AAG9241AM
|
| 040 |
|
|
|c WNC
|d TXA
|d UtOrBLW
|
| 049 |
|
|
|a TXAM
|c [163970]
|
| 050 |
0 |
0 |
|a UB250
|b .G57
|
| 082 |
0 |
|
|a 355.34
|
| 092 |
|
|
|a 355.34
|b G549i
|
| 100 |
1 |
|
|a Glass, Robert Rigby,
|d 1914-
|
| 245 |
1 |
0 |
|a Intelligence is for commanders /
|c by Robert R. Glass and Philip B. Davidson.
|
| 264 |
|
1 |
|a Harrisburg, Pa. :
|b Military Service Pub. Co.,
|c [1948]
|
| 300 |
|
|
|a xi, 189 pages :
|b illustrations, maps (part color, 2 folded in pocket) ;
|c 20 cm.
|
| 336 |
|
|
|a text
|b txt
|2 rdacontent
|
| 337 |
|
|
|a unmediated
|b n
|2 rdamedia
|
| 338 |
|
|
|a volume
|b nc
|2 rdacarrier
|
| 650 |
|
0 |
|a Military intelligence.
|
| 700 |
1 |
|
|a Davidson, Phillip B.,
|d 1915-
|
| 999 |
|
|
|a MARS
|
| 999 |
f |
f |
|s 27a91fb8-3f3a-3841-9ddc-2911c3bf1632
|i c05c0f8e-18c1-3566-b514-67b54858756c
|t 0
|
| 952 |
f |
f |
|p normal
|a Texas A&M University
|b College Station
|c Sterling C. Evans Library
|d Evans: Library Stacks
|t 0
|e UB250 .G57
|h Library of Congress classification
|i unmediated -- volume
|m A14800804956
|
| 998 |
f |
f |
|a UB250 .G57
|t 0
|l Evans: Library Stacks
|